Les études classiques aux XIXe et XXe siécles: leur place dans listoire des idées
Պահպանված է:
| Ձևաչափ: | Գիրք |
|---|---|
| Լեզու: | ֆրանսերեն |
| Հրապարակվել է: |
Ginebra
Fondation Hardt
1979
|
| Շարք: | Entretiens sur l'antiquite classique, 26
|
| Խորագրեր: | |
| Ցուցիչներ: |
Ավելացրեք ցուցիչ
Չկան պիտակներ, Եղեք առաջինը, ով նշում է այս գրառումը!
|
MARC
| LEADER | 00000nam a2200000 a 4500 | ||
|---|---|---|---|
| 001 | UCY2976 | ||
| 003 | CL-VaPUC | ||
| 008 | 941205e19790000SZ |||||||||||||||||fre|d | ||
| 082 | 0 | 4 | |a 930 |b ETU |2 21 |
| 245 | 1 | 4 | |a Les études classiques aux XIXe et XXe siécles: leur place dans listoire des idées |
| 300 | |a 346 p | ||
| 942 | |c BK | ||
| 945 | |d 19941205 00:00:00 |a mfernand | ||
| 260 | |a Ginebra |b Fondation Hardt |c 1979 | ||
| 650 | 0 | |a Historia antigua |9 267521 | |
| 583 | |a last modification |c 19941205 00:00:00 |k Rodrigo Vera | ||
| 490 | 0 | |a Entretiens sur l'antiquite classique, 26 | |
| 999 | |c 231232 |d 231230 | ||
| 952 | |0 0 |1 0 |4 0 |6 930_000000000000000_ETU_1979 |7 0 |8 X |9 234234 |a BIBHIS |b BIBHIS |d 2019-11-15 |i 3031527 |o 930 ETU 1979 |p 3031527 |r 2024-01-30 |w 2019-11-15 |y BK_X |k HIS | ||